Cơ sở kỹ thuật điện Dùng trong các trường trung học chuyên nghiệp chuyên điện

Xây dựng các khái niệm, hiện tượng, định luật và qui luật cơ bản của mạch điện ở chế độ xác lập xây dựng các phương pháp cơ bản để phân tích mạch điện có nguồn 1 chiều và xoay chiều hình sin ở chế độ xác lập; phân tích một cách cơ bản và khái quát bản chất của quá trình quá độ trong mạch điện...

Full beskrivning

Sparad:
Bibliografiska uppgifter
Huvudupphovsman: Hoàng Hữu Thận
Materialtyp: Bok
Språk:Vietnamese
Publicerad: H. Đại học và trung học chuyên nghiệp 1981
Ämnen:
Taggar: Lägg till en tagg
Inga taggar, Lägg till första taggen!
Thư viện lưu trữ: Mạng thư viện Đại học Đà Nẵng
LEADER 01578nam a22003498a 4500
001 000008341
003 4528
005 20111017081012.0
008 111017s1981 b 000 0 vieod
020 |c 3200đ  |d 15000b 
041 0 |a vie 
082 |a 621.31  |b HO-T 
084 |a F  |b C460S 
100 1 |a Hoàng Hữu Thận 
245 1 0 |a Cơ sở kỹ thuật điện  |b Dùng trong các trường trung học chuyên nghiệp chuyên điện  |c Hoàng Hữu Thận 
260 |a H.  |b Đại học và trung học chuyên nghiệp  |c 1981 
300 |a 512tr  |c 22cm 
500 |a Thư mục tr. 507 
520 |a Xây dựng các khái niệm, hiện tượng, định luật và qui luật cơ bản của mạch điện ở chế độ xác lập xây dựng các phương pháp cơ bản để phân tích mạch điện có nguồn 1 chiều và xoay chiều hình sin ở chế độ xác lập; phân tích một cách cơ bản và khái quát bản chất của quá trình quá độ trong mạch điện 
653 |a Kỹ thuật điện 
653 |a giáo trình 
910 |a Nguyễn Thị Kim Oanh  |d 17/10/2011 
OWN |a LSP 
AVA |a UDN50  |b LSP  |d 621.31 HO-T  |e available  |t Error 5001 Not defined in file expand_doc_bib_avail.  |f 3  |g 1  |h N  |i 0  |k 1 
999 |a From the UDN01 
AVA |a UDN50  |b LSP  |d 621.31 HO-T  |e available  |t Error 5001 Not defined in file expand_doc_bib_avail.  |f 3  |g 1  |h N  |i 0  |k 1 
TYP |a Monograph 
TYP |a Printed language 
980 |a Mạng thư viện Đại học Đà Nẵng